Libro de las maravillas : (Record no. 29)
[ view plain ]
| 000 -LEADER | |
|---|---|
| campo de control de longitud fija | 01397cam a2200301 a 4500 |
| 001 - NÚMERO DE CONTROL | |
| campo de control | 12490412 |
| 003 - IDENTIFICADOR DE NÚMERO DE CONTROL | |
| campo de control | CSDEKL |
| 005 - FECHA Y HORA DE LA ÚLTIMA TRANSACCIÓN | |
| campo de control | 20220326193246.0 |
| 008 - DATOS DE LONGITUD FIJA--INFORMACIÓN GENERAL | |
| campo de control de longitud fija | 010801s2000 cr a 000 0 spa |
| 010 ## - NÚMERO DE CONTROL DE LA BIBLIOTECA DEL CONGRESO | |
| Número de control de LC | 2001423042 |
| 020 ## - NÚMERO INTERNACIONAL ESTÁNDAR DEL LIBRO | |
| Número Internacional Estándar del Libro | 9977237182 |
| 040 ## - FUENTE DE CATALOGACIÓN | |
| Centro catalogador/agencia de origen | DLC |
| Centro/agencia transcriptor | DLC |
| Centro/agencia modificador | DLC |
| 043 ## - CÓDIGO DE ÁREA GEOGRÁFICA | |
| Código de área geográfica | nccr--- |
| 050 00 - SIGNATURA TOPOGRÁFICA DE LA BIBLIOTECA DEL CONGRESO | |
| Número de clasificación | GR118.C6 |
| Número de ítem | L49 2000 |
| 082 00 - NÚMERO DE LA CLASIFICACIÓN DECIMAL DEWEY | |
| Número de clasificación | 398.209.728.6 |
| Número de edición | L697I |
| 100 ## - ENTRADA PRINCIPAL--NOMBRE DE PERSONA | |
| Nombre de persona | Chase, Alfonso |
| 9 (RLIN) | 190 |
| 245 00 - MENCIÓN DEL TÍTULO | |
| Título | Libro de las maravillas : |
| Resto del título | antología de romances y tradiciones costarricenses de Alfonso Chase / |
| Mención de responsabilidad, etc. | Alfonso Chase ; ilustraciones de Juan Manuel Sánchez. |
| 260 ## - PUBLICACIÓN, DISTRIBUCIÓN, ETC. | |
| Lugar de publicación, distribución, etc. | [San José?] : |
| Nombre del editor, distribuidor, etc. | Editorial Costa Rica, |
| Fecha de publicación, distribución, etc. | [2000] |
| 300 ## - DESCRIPCIÓN FÍSICA | |
| Extensión | 384 p. : |
| Otras características físicas | ill. ; |
| Dimensiones | 27 cm. |
| 505 ## - NOTA DE CONTENIDO CON FORMATO | |
| Título | Deconstruyendo y construyendo la cultura popular en su expresión literaria |
| -- | Romances Tradicionales |
| -- | Rondas y Juegos |
| -- | Dichos Infantiles |
| -- | Canciones de Cuna Arrullos |
| -- | Adivinanzas |
| -- | Villancicos para el niño Dios |
| -- | Coplas y Coplillas |
| -- | Dichos y Ocurrencias |
| -- | Oraciones y Milagros de Caminante |
| -- | Somos lo que Comemos |
| -- | Contenido |
| 600 ## - PUNTO DE ACCESO ADICIONAL DE MATERIA--NOMBRE DE PERSONA | |
| Subdivisión general | Folclor- Costa Rica |
| -- | Romance |
| Subdivisión geográfica | Costa Rica |
| 9 (RLIN) | 191 |
| 610 ## - PUNTO DE ACCESO ADICIONAL DE MATERIA--NOMBRE DE ENTIDAD CORPORATIVA | |
| Subdivisión geográfica | Costa Rica |
| 9 (RLIN) | 192 |
| 650 #0 - PUNTO DE ACCESO ADICIONAL DE MATERIA--TÉRMINO DE MATERIA | |
| Término de materia o nombre geográfico como elemento de entrada | Folk literature, Costa Rican. |
| 9 (RLIN) | 193 |
| 650 #0 - PUNTO DE ACCESO ADICIONAL DE MATERIA--TÉRMINO DE MATERIA | |
| Término de materia o nombre geográfico como elemento de entrada | Cooking, Costa Rican. |
| 9 (RLIN) | 194 |
| 700 1# - ENTRADA AGREGADA--NOMBRE PERSONAL | |
| Nombre de persona | Chase, Alfonso, |
| Fechas asociadas al nombre | 1945- |
| 9 (RLIN) | 195 |
| 906 ## - ELEMENTOS DE DATOS F LOCAL, LDF (RLIN) | |
| a | 7 |
| b | cbc |
| c | orignew |
| d | 2 |
| e | ncip |
| f | 20 |
| g | y-gencatlg |
| Estatus retirado | Estado de pérdida | Fuente del sistema de clasificación o colocación | Estado de daño | No para préstamo | Biblioteca de origen | Biblioteca actual | Ubicación en estantería | Fecha de adquisición | Total de préstamos | Signatura topográfica completa | Código de barras | Visto por última vez | Precio de reemplazo | Tipo de ítem Koha |
|---|---|---|---|---|---|---|---|---|---|---|---|---|---|---|
| Clasificación Decimal Dewey | Biblioteca LadoV | Biblioteca LadoV | 29/03/2014 | 398.209.728.6 | 000087 | 29/03/2014 | 29/03/2014 | Material 01 |
